| 000 | 00542nam a2200181Ia 4500 | ||
|---|---|---|---|
| 008 | 090122s9999 xx 000 0 und d | ||
| 082 | _b11592 | ||
| 100 |
_aकुलकर्णी _bडी _cव्ही |
||
| 245 | _aऑलमायटी | ||
| 260 |
_bआरती _c2005 |
||
| 300 | _a204 | ||
| 501 | _aआरती प्रकाशन / बि. नं. 5081-82 | ||
| 600 | _aकुलकर्णी | ||
| 630 | _aऑलमायटी | ||
| 700 | _aकुलकर्णी | ||
| 730 | _aऑलमायटी | ||
| 942 | _cBOOK | ||
| 999 |
_c35669 _d35669 |
||